Pohádková abeceda z Albatrosu /

Main Author: Závadová, Kateřina, 1952-
Corporate Author: Nakladatelství Albatros
Other Authors: Mikulecká, Jana
Language: Czech
Published: Praha : Albatros, 2004
Edition: 1. vyd.
Online Access: Digitalizovaný dokument
Physical Description: 74 s. : barev. il. ; 25 cm
Book
Saved in:
LEADER 01609nam a2200385 a 4500
001 000715635
003 CZ BrMZK
005 20060106144059.0
007 ta
008 040513s2004 xr a b 000 m cze d
015 |a cnb001313315 
020 |a 80-00-01360-6  |q (váz.) 
035 |a (OCoLC)61850265 
040 |a BOA001  |b cze  |d ABA001 
072 7 |a 821-93  |x Literatura pro děti a mládež (beletrie)  |2 Konspekt  |9 26 
080 |a 82.09-051  |2 MRF 
080 |a 821-93  |2 MRF 
100 1 |a Závadová, Kateřina,  |d 1952-  |7 jn20010310469  |4 aut 
245 1 0 |a Pohádková abeceda z Albatrosu /  |c [texty napsala a uspořádala Kateřina Závadová ; ilustrace vybrala Jana Mikulecká] 
250 |a 1. vyd. 
260 |a Praha :  |b Albatros,  |c 2004 
300 |a 74 s. :  |b barev. il. ;  |c 25 cm 
500 |a Knížka vychází u příležitosti 55. výročí založení nakl. Albatros 
500 |a Dotisk 2005 
504 |a Obsahuje bibliografii a rejstřík 
521 8 |a Pro čtenáře od 5 let 
650 0 7 |a literární postavy  |7 ph122390  |2 czenas 
655 7 |a publikace pro děti  |7 fd133156  |2 czenas 
700 1 |a Mikulecká, Jana  |7 xx0024021  |4 edt 
710 2 |a Nakladatelství Albatros  |7 kn20010724027 
856 4 1 |u http://www.digitalniknihovna.cz/mzk/uuid/uuid:e2e07880-7c4b-11e3-b0d1-005056827e51  |y Digitalizovaný dokument  |x NDK 
910 |a BOA001  |b 2-1135.177 
990 |a BK 
996 6 |b 2610220539  |c 2-1135.177  |l MZK  |r Sklad / do 1 hodiny  |n 0  |p p.v.  |w 000715635  |u 000010  |a 1  |e BOA001  |j MZK50  |s P 
996 7 |b 2610267118  |c 2-1135.177  |l MZK  |r Sklad / do 1 hodiny  |n 5  |p p.v. dotisk 2004  |w 000715635  |u 000020  |a 1  |e BOA001  |j MZK50  |s A